00428 2200169 4500001002100000005001500021035002000036245004100056100001500097250001700112300003200129260003300161082001100194084001700205020002200222650001400244INLIS00000000000047920240723061306 a0010-07240000341 aBudidaya Mujair & Nila /cAhmad Said0 aAhmad Said aCetakan ke-1 aiv, 76 hlm :bilus ;c21 cm aJakarta :bAzka Press,c2007 a639.31 a639.31 AHM b a978-979-121-162-8 4aBudi daya